[Event "GER-chT U20 Girls"]
[Site "Naumburg Saale"]
[Date "2014.12.29"]
[Round "6.4"]
[White "Schwendel, Marleen"]
[Black "Heyer, Anne Ricarda"]
[Result "1-0"]
[WhiteElo "938"]
[BlackElo "1022"]
[PlyCount "53"]
[EventDate "2014.12.27"]
[EventType "team-swiss"]
[EventRounds "7"]
[EventCountry "GER"]
[SourceTitle "EXT 2016"]
[Source "ChessBase"]
[SourceDate "2015.10.08"]
[SourceVersion "1"]
[SourceVersionDate "2015.10.08"]
[SourceQuality "1"]
[WhiteTeam "Chemnitz USG"]
[BlackTeam "Fritzdorf Gruen Weiss"]
[WhiteTeamCountry "GER"]
[BlackTeamCountry "GER"]

1. e4 d5 2. exd5 Qxd5 3. d4 Nf6 4. Nc3 Qd6 5. Bc4 c6 6. a4 Bf5 7. Nf3 Bg4 8. 0-0 Nbd7 9. Qd3 h6 10. b3 Nb6 11. Ba3 Qc7 12. Ne5 Bh5 13. Bb4 Ng4 14. Nxg4 Bxg4 15. h3 Bh5 16. d5 c5 17. Ba5 Qd6 18. Ne4 Qe5 19. Bb5+ Nd7 20. Nxc5 f6 21. Nxd7 Qf4 22. Nxf6+ Kf7 23. Nxh5 Qe5 24. Qf3+ Kg6 25. Bd3+ Kg5 26. Bd2+ Kh4 27. Qg4# 1-0